Griechische Schulgrammatik
Guardado en:
| Formato: | Libro |
|---|---|
| Lenguaje: | alemán griego |
| Publicado: |
Wien
Temsky
1917
|
| Etiquetas: |
Sin Etiquetas, Sea el primero en etiquetar este registro!
|
MARC
| LEADER | 00000nam a2200000 4500 | ||
|---|---|---|---|
| 001 | 0312429 | ||
| 005 | 20250924085913.8 | ||
| 041 | 0 | |a ger | |
| 041 | 0 | |a gre | |
| 044 | |a AT | ||
| 245 | 1 | 0 | |a Griechische Schulgrammatik |c W. A. Hartel |
| 264 | 1 | |a Wien |b Temsky |c 1917 | |